| 000 | 00806nam a2200217 a 4500 | ||
|---|---|---|---|
| 003 | 0 | ||
| 005 | 20250403081509.0 | ||
| 008 | 050810s19uu xx 00 eng d | ||
| 050 |
_aPGS HQ 784.T4 _b.T882 2005 |
||
| 100 | _aTsuchiya, Niko Hiroshi S. | ||
| 245 |
_aProfile of television watching - habits of lower school students / _cNiko Hiroshi S. Tsuchiya. |
||
| 260 |
_aLas PiƱas City, Philippines : _bSouthville International School and Colleges, _c2005. |
||
| 300 |
_a35 pages : _billustrations ; _c28 cm. |
||
| 504 | _aIncludes bibliographic references. | ||
| 650 | _aTelevision and children. | ||
| 650 |
_aTelevision viewers _vPsychology. |
||
| 650 | _aTelevision and youth. | ||
| 650 | _aScreen time in children. | ||
| 650 | _aMedia consumption habits of children. | ||
| 942 |
_2lcc _cPASS |
||
| 999 |
_c97435 _d97435 |
||